Computational intelligence : a logical approach (Record no. 177673)

MARC details
000 -LEADER
fixed length control field 00520nam a2200169Ia 4500
008 - FIXED-LENGTH DATA ELEMENTS--GENERAL INFORMATION
fixed length control field 231217s9999 xx 000 0 und d
020 ## - INTERNATIONAL STANDARD BOOK NUMBER
International Standard Book Number ISBN:0-19-510270-3
041 ## - LANGUAGE CODE
Language code of text/sound track or separate title English
082 ## - DEWEY DECIMAL CLASSIFICATION NUMBER
Classification number 006.3 POO;1 R
100 ## - MAIN ENTRY--PERSONAL NAME
Personal name Poole, David Mackworth, Alan Goelbel, Randy
245 #0 - TITLE STATEMENT
Title Computational intelligence : a logical approach
260 ## - PUBLICATION, DISTRIBUTION, ETC.
Date of publication, distribution, etc. 1998
Name of publisher, distributor, etc. OxFord
Place of publication, distribution, etc. New York
300 ## - PHYSICAL DESCRIPTION
Extent xvi+557
650 ## - SUBJECT ADDED ENTRY--TOPICAL TERM
Topical term or geographic name entry element Computational intelligence & soft computing
650 ## - SUBJECT ADDED ENTRY--TOPICAL TERM
Topical term or geographic name entry element Computational,intelligence,:,logical
942 ## - ADDED ENTRY ELEMENTS (KOHA)
Koha item type Books
Holdings
Date last seen Total checkouts Full call number Accession number Cost, total (INR) price Price effective from Category Lost status Damaged status Department Withdrawn status Home library Current library Shelving location Entry date Vendor Cost, normal purchase price Grants Billnumber Billdate Currency symbol Conversion rate Discount Old discount
26/01/2024   006.3 POO;1 R 41969 243.75 26/01/2024 Books     Central Library   Central Library Central Library Central Library 23/06/2006 Book Paradise 325.00 MCA 32164 03/09/2002 RS 1 81.25 25

© For any Suggestions or Query, please contact the library staff @ librarian@pes.edu or Phone: +9180 2672 1983/ 2108.